000 00763nam a22002537a 4500
003 OSt
005 20250502162213.0
008 200217s2019 cl ||||jr|||| 00| f spa d
020 _a9789563604887
040 _aCO-JMCR
_cCO-JMCR
041 0 _aspa
082 0 4 _aA-N
_bSOTm
100 1 _aSoto, Simón,
_eautor
_9626
245 1 0 _aMatadero Franklin :
_bla leyenda del cabro /
_cSimón Soto
250 _a5a. edición
260 _aSantiago de Chile :
_bPlaneta,
_c2019
300 _a325 páginas ;
_c23 cm.
500 _aIncluye datos biográficos del autor.
650 1 4 _aNovela chilena
_934
650 1 4 _aViolencia contra la mujer
_xnovela
_9627
650 1 4 _aNarcotráfico
_xnovela
_zChile
_9628
650 1 4 _aMafia
_xnovela
_zChile
_9629
942 _2ddc
_cBK
999 _c6531
_d6531